| 000 | 02235nam a2200397 c 4500 | ||
|---|---|---|---|
| 003 | BLK | ||
| 005 | 20240731174829.0 | ||
| 008 | 180412b bul|||||r ||||||| ||bul|| | ||
| 010 | _aKNG00001556000 | ||
| 020 |
_a954-18-0011-04 _bиздат.: Булвест-2000 |
||
| 040 | _aBLK | ||
| 041 |
_aBUL _cBUL |
||
| 080 |
_aЛитература в основното училище. Методика на обучението _b373.3.016:821 _x(075.2) _z373.3.016:821(075.2) |
||
| 080 |
_aБългарска литература _b821.163.2 _x-93-34 _z821.163.2-93-34 |
||
| 100 | 1 |
_aАнгелова, Веселина _eпърви автор _9243222 |
|
| 700 | 1 |
_aБобанац, Веселина Ангелова _9243223 |
|
| 700 | 1 |
_aБлажева, Елена _eсъавт. _gМаринова, Елена Блажева _9243224 |
|
| 700 | 1 |
_aАрнаутска, Тинка Иванова _eсъавт. _933633 |
|
| 139 |
_aАнгелова, Веселина и др. _bА 64 |
||
| 245 | 1 | 0 |
_aУмеем ли да възприемаме художествен текст _bУч. помагало за ученици _cВеселина Ангелова; Веселина Ангелова Бобанац; съавт. Елена Блажева; съавт. Тинка Иванова Арнаутска. _nЧ. 1 _pАз и българската народна приказка |
| 257 | _aBGR | ||
| 260 |
_аСофия _bБулвест-2000 _c1994 _fПловдив : Полиграфия |
||
| 300 | _c20 см | ||
| 380 | _a3 | ||
| 500 | _aПълното име на авт. Веселина Ангелова е Веселина Ангелова Бобанац, а на Елена Блажева - Елена Блажева Маринова. | ||
| 650 | 4 |
_aЛитература - учебни помагала _9243225 |
|
| 653 | _aлитература | ||
| 653 | _aучебни помагала | ||
| 760 | 1 |
_aАнгелова, Веселина _d1994 _h216 с. _tЧ. 1 Аз и българската народна приказка |
|
| 852 | _aЦб 177509 | ||
| 856 | 4 |
_qpdf _u |
|
| 856 | 4 |
_qpdf _u |
|
| 942 |
_cKNG _n0 _03 |
||
| 944 |
_aCR _c28.03.2003 _k30575 _lМартин Енчев |
||
| 944 |
_aED _c08.09.2011 _k |
||
| 999 |
_c885 _d885 |
||